000 00474nam a22001937a 4500
999 _c10464
_d10464
003 OSt
008 210217b ||||| |||| 00| 0 eng d
020 _a9781260288162
100 _aWELLS,Barbara G
245 _aPharmacothetapy Handbook
250 _a10th
260 _aNew Delhi
_bTMH
_c2015
300 _a991
650 _aPharmacy General Books
700 _aSCHWINGHAMMER, Terry L
700 _aDIPIRO,Joseph T
700 _aDIPIRO,Cecily V
942 _2ddc
_cBK
_01